| 000 | 01002nam a2200253 i 4500 | ||
|---|---|---|---|
| 003 | EG-ScBUE | ||
| 005 | 20231114145915.0 | ||
| 008 | 110717s2002 ua af 000 0aara d | ||
| 040 |
_aEG-ScBUE _bara _erda _cEG-ScBUE _dEG-ScBUE |
||
| 082 | 0 | 4 |
_222 _a928.1 _bع ن ا |
| 100 | 1 |
_922126 _aعناني، محمد، _d1939- _eمؤلف. |
|
| 245 | 1 | 2 |
_aالسيرة الذاتية الكاملة : _bواحات العمر، واحات الغربة، واحات مصرية / _cمحمد عناني. |
| 264 | 1 |
_aالقاهرة : _bالهيئة المصرية العامة للكتاب، _c2002. |
|
| 300 |
_a226 صفحة ؛ _c24 سم. |
||
| 336 |
_2rdacontent _aنص _btxt |
||
| 337 |
_aبدون وسيط _2rdamedia _bn |
||
| 338 |
_aمجلد _bnc _2rdacarrier |
||
| 490 | 0 | _aالأعمال الكاملة | |
| 600 |
_922126 _aعناني، محمد، _d1939- _2BUEsh |
||
| 650 | 7 |
_911526 _aالأدباء العرب _zمصر _vتراجم. _2BUEsh |
|
| 653 | _cJuly2011 | ||
| 655 | _vReading book | ||
| 942 |
_2ddc _cBB |
||
| 999 |
_c15693 _d15693 |
||